[Event "Uppsala Young Champions 2016"]
[Site "Uppsala Schackcentrum, Sweden"]
[Date "2016.10.29"]
[Round "2.7"]
[White "Aira, Leonardo"]
[Black "Bit-Narva, David"]
[Result "0-1"]
[BlackElo "2019"]
[WhiteElo "1861"]
[LiveChessVersion "1.4.8"]

1. e4 {[%clk 1:30:53]} g6 {[%clk 1:30:22]} 2. d4 {[%clk 1:31:09]} Bg7
{[%clk 1:30:36]} 3. c3 {[%clk 1:30:06]} d6 {[%clk 1:30:58]} 4. Bd3
{[%clk 1:30:15]} Nf6 {[%clk 1:31:16]} 5. Bg5 {[%clk 1:29:09]} Nc6
{[%clk 1:28:08]} 6. f4 {[%clk 1:22:26]} O-O {[%clk 1:24:49]} 7. Nf3
{[%clk 1:18:14]} Nh5 {[%clk 1:21:17]} 8. f5 {[%clk 1:04:59]} d5 {[%clk 1:15:41]}
9. O-O {[%clk 0:46:42]} dxe4 10. Bxe4 {[%clk 0:46:58]} Bd7 {[%clk 0:47:35]} 11.
Qd3 {[%clk 0:29:37]} Nf6 {[%clk 0:46:15]} 12. Bxf6 {[%clk 0:28:59]} Bxf6
{[%clk 0:46:02]} 13. fxg6 {[%clk 0:25:46]} hxg6 {[%clk 0:43:49]} 14. Nbd2
{[%clk 0:21:56]} Bg7 {[%clk 0:41:01]} 15. d5 {[%clk 0:10:43]} Nb8
{[%clk 0:39:16]} 16. Ng5 {[%clk 0:10:23]} e5 {[%clk 0:36:06]} 17. dxe6
{[%clk 0:05:12]} Qxg5 {[%clk 0:36:27]} 18. exd7 {[%clk 0:05:15]} Nxd7
{[%clk 0:36:45]} 19. Nf3 {[%clk 0:02:33]} Qc5+ {[%clk 0:35:05]} 20. Kh1
{[%clk 0:02:58]} Nf6 {[%clk 0:34:56]} 21. Rae1 {[%clk 0:01:54]} Rad8
{[%clk 0:31:00]} 22. Qc2 {[%clk 0:02:02]} Rfe8 {[%clk 0:27:29]} 23. Bd3
{[%clk 0:01:32]} Rxe1 {[%clk 0:15:24]} 24. Rxe1 {[%clk 0:01:42]} Ng4
{[%clk 0:12:06]} 25. Re2 {[%clk 0:01:27]} Ne3 {[%clk 0:09:16]} 26. Qb1
{[%clk 0:01:37]} Ng4 {[%clk 0:09:00]} 27. Qc2 {[%clk 0:01:39]} Ne3
{[%clk 0:05:12]} 28. Qb1 {[%clk 0:02:03]} Bh6 {[%clk 0:05:17]} 29. Nd4
{[%clk 0:01:28]} Qh5 {[%clk 0:04:44]} 30. Qe1 {[%clk 0:01:21]} c5
{[%clk 0:04:48]} 31. Nc2 {[%clk 0:00:47]} Rxd3 {[%clk 0:04:34]} 32. Nxe3
{[%clk 0:00:57]} Bxe3 {[%clk 0:04:42]} 33. g3 {[%clk 0:00:31]} Qd5+
{[%clk 0:04:57]} 34. Rg2 {[%clk 0:00:37]} Rd1 {[%clk 0:05:23]} 0-1

[Event "Uppsala Young Champions 2016"]
[Site "Uppsala Schackcentrum, Sweden"]
[Date "2016.10.29"]
[Round "2.8"]
[White "Bannout, Edvin"]
[Black "Jäppinen, Erland"]
[Result "1/2-1/2"]
[BlackElo "1768"]
[WhiteElo "1818"]
[LiveChessVersion "1.4.8"]

1. e4 c6 2. d4 d5 3. exd5 cxd5 4. c4 Nf6 5. Nc3 Nc6 6. Bf4 g6 7. c5 Bg7 8. h3 O-O
9. Nf3 Ne4 10. Bb5 Nxd4 11. Nxd4 e5 12. Be3 exd4 13. Bxd4 Nxc3 14. bxc3 Bxd4 15.
Qxd4 Qe7+ 16. Qe3 Qxe3+ 17. fxe3 Bf5 18. c6 bxc6 19. Bxc6 Rac8 20. Bxd5 Rxc3 21.
Kf2 Re8 22. Rhe1 Be4 23. Rad1 Bxd5 24. Rxd5 Ra3 25. Re2 Re6 26. g4 Rea6 27. Rdd2
Rf6+ 28. Kg3 Re6 29. Kf4 Kg7 30. h4 Rf6+ 31. Kg3 Re6 32. Kf4 Rf6+ 33. Kg3 Re6 34.
Kf4 Rf6+ 35. Kg3 1/2-1/2

[Event "Uppsala Young Champions 2016"]
[Site "Uppsala Schackcentrum, Sweden"]
[Date "2016.10.29"]
[Round "2.9"]
[White "Carlsson, Ludvig"]
[Black "Buchert, Vitus"]
[Result "0-1"]
[BlackElo "1782"]
[WhiteElo "2013"]
[LiveChessVersion "1.4.8"]

1. e4 {[%clk 1:30:58]} c5 {[%clk 1:30:55]} 2. Nf3 {[%clk 1:31:22]} d6
{[%clk 1:31:24]} 3. d4 {[%clk 1:31:44]} cxd4 {[%clk 1:31:51]} 4. Nxd4
{[%clk 1:32:08]} Nf6 {[%clk 1:32:14]} 5. Nc3 {[%clk 1:32:34]} g6 {[%clk 1:32:38]}
6. Be3 {[%clk 1:33:00]} Bg7 {[%clk 1:33:01]} 7. f3 {[%clk 1:33:25]} O-O
{[%clk 1:33:21]} 8. Qd2 {[%clk 1:33:51]} Nc6 {[%clk 1:33:45]} 9. Bc4
{[%clk 1:33:58]} Bd7 {[%clk 1:34:10]} 10. Bb3 {[%clk 1:34:23]} Rb8
{[%clk 1:34:06]} 11. O-O-O {[%clk 1:33:35]} Na5 {[%clk 1:34:29]} 12. Kb1
{[%clk 1:33:59]} b5 {[%clk 1:34:48]} 13. Bh6 {[%clk 1:31:39]} Bxh6
{[%clk 1:29:07]} 14. Qxh6 {[%clk 1:32:00]} e5 {[%clk 1:26:12]} 15. Nde2
{[%clk 1:31:40]} b4 {[%clk 1:26:31]} 16. Nd5 {[%clk 1:30:03]} Nxb3
{[%clk 1:26:08]} 17. Nxf6+ {[%clk 1:29:13]} Qxf6 {[%clk 1:26:28]} 18. cxb3
{[%clk 1:29:30]} Rb6 {[%clk 1:24:18]} 19. Rd2 {[%clk 1:27:56]} Be6
{[%clk 1:22:30]} 20. Ng3 {[%clk 1:24:50]} Qd8 {[%clk 1:22:07]} 21. h4
{[%clk 1:19:47]} Ra6 {[%clk 1:20:21]} 22. Rd3 {[%clk 1:19:54]} f6
{[%clk 1:16:09]} 23. Qd2 {[%clk 1:16:24]} Qa5 {[%clk 1:14:55]} 24. a4
{[%clk 1:16:28]} bxa3 {[%clk 1:12:27]} 25. Qxa5 {[%clk 1:16:40]} Rxa5
{[%clk 1:12:53]} 26. bxa3 {[%clk 1:16:54]} Rxa3 {[%clk 1:13:12]} 27. Kb2
{[%clk 1:17:21]} Ra6 {[%clk 1:13:20]} 28. Rc1 {[%clk 1:15:47]} Rb6
{[%clk 1:12:51]} 29. Rc7 {[%clk 1:14:30]} Rf7 {[%clk 1:13:11]} 30. Rxf7
{[%clk 1:14:38]} Kxf7 {[%clk 1:13:21]} 31. Nf1 {[%clk 1:14:54]} Bc4
{[%clk 1:12:16]} 32. Rd1 {[%clk 1:15:19]} Bxb3 {[%clk 1:11:33]} 33. Ra1
{[%clk 1:15:43]} Bc4+ {[%clk 1:11:13]} 34. Kc3 {[%clk 1:16:09]} Bxf1
{[%clk 1:11:30]} 35. Rxf1 {[%clk 1:16:33]} a5 {[%clk 1:08:06]} 36. Kc4
{[%clk 1:15:53]} Rb4+ {[%clk 1:05:25]} 37. Kd5 {[%clk 1:16:17]} Rd4+
{[%clk 1:05:49]} 38. Kc6 {[%clk 1:16:43]} Ke6 {[%clk 1:06:00]} 39. Kc7
{[%clk 1:14:43]} f5 {[%clk 1:03:48]} 40. exf5+ Kxf5 {[%clk 1:03:48]} 41. g3
{[%clk 1:15:28]} Rd3 {[%clk 1:03:07]} 42. Ra1 {[%clk 1:14:15]} Rxf3
{[%clk 1:03:00]} 0-1

[Event "Uppsala Young Champions 2016"]
[Site "Uppsala Schackcentrum, Sweden"]
[Date "2016.10.29"]
[Round "2.10"]
[White "Mitra, Akash"]
[Black "Cardenas, William"]
[Result "0-1"]
[BlackElo "1986"]
[WhiteElo "1515"]
[LiveChessVersion "1.4.8"]

1. d4 {[%clk 1:30:51]} Nf6 {[%clk 1:30:53]} 2. c4 {[%clk 1:31:16]} c5
{[%clk 1:31:19]} 3. d5 {[%clk 1:31:21]} g6 {[%clk 1:31:45]} 4. Nc3
{[%clk 1:31:28]} Bg7 {[%clk 1:32:11]} 5. e4 {[%clk 1:31:11]} d6 {[%clk 1:32:36]}
6. Bg5 {[%clk 1:29:35]} O-O {[%clk 1:30:40]} 7. Bd3 {[%clk 1:25:21]} e6
{[%clk 1:29:08]} 8. Nge2 {[%clk 1:22:58]} h6 {[%clk 1:28:45]} 9. Bh4
{[%clk 1:22:44]} exd5 {[%clk 1:27:29]} 10. exd5 {[%clk 1:18:37]} Nbd7
{[%clk 1:25:17]} 11. Bg3 {[%clk 1:16:41]} Qe7 {[%clk 1:22:05]} 12. O-O
{[%clk 1:11:07]} Ne5 {[%clk 1:19:57]} 13. Bxe5 {[%clk 1:10:20]} Qxe5
{[%clk 1:19:47]} 14. Qd2 {[%clk 1:05:25]} Ng4 {[%clk 1:12:07]} 15. Qf4
{[%clk 1:01:36]} Qe7 {[%clk 1:02:35]} 16. h3 {[%clk 0:56:51]} Ne5
{[%clk 1:02:52]} 17. Qd2 {[%clk 0:55:54]} Bxh3 {[%clk 0:58:08]} 18. f4
{[%clk 0:54:47]} Nxd3 {[%clk 0:57:24]} 19. Qxd3 {[%clk 0:54:16]} Bf5
{[%clk 0:57:37]} 20. Qf3 {[%clk 0:54:21]} h5 {[%clk 0:57:34]} 21. Rae1
{[%clk 0:53:24]} Rae8 {[%clk 0:56:55]} 22. Ng3 {[%clk 0:49:29]} Bd4+
{[%clk 0:57:15]} 23. Kh2 {[%clk 0:48:27]} Qh4# 0-1

[Event "Uppsala Young Champions 2016"]
[Site "Uppsala Schackcentrum, Sweden"]
[Date "2016.10.29"]
[Round "3.1"]
[White "Jogstad, Martin"]
[Black "Ragnarsson, Dagur"]
[Result "1/2-1/2"]
[BlackElo "2232"]
[WhiteElo "2298"]
[LiveChessVersion "1.4.8"]

1. d4 {[%clk 1:30:34]} f5 {[%clk 1:30:01]} 2. Nf3 {[%clk 1:30:57]} Nf6
{[%clk 1:30:09]} 3. g3 {[%clk 1:31:21]} g6 {[%clk 1:30:35]} 4. Bg2
{[%clk 1:31:46]} Bg7 {[%clk 1:31:01]} 5. O-O {[%clk 1:32:09]} O-O
{[%clk 1:31:27]} 6. c4 {[%clk 1:32:36]} d6 {[%clk 1:31:53]} 7. Nc3
{[%clk 1:32:28]} Qe8 {[%clk 1:32:17]} 8. b3 {[%clk 1:22:17]} e5 {[%clk 1:32:38]}
9. dxe5 {[%clk 1:21:47]} dxe5 {[%clk 1:33:03]} 10. e4 {[%clk 1:13:00]} Nc6
{[%clk 1:27:52]} 11. Ba3 {[%clk 0:58:44]} Rf7 {[%clk 1:27:47]} 12. Rc1
{[%clk 0:56:18]} Bh6 {[%clk 1:22:59]} 13. exf5 {[%clk 0:51:57]} Bxf5
{[%clk 1:23:03]} 14. Ra1 {[%clk 0:51:39]} Rd8 {[%clk 1:22:40]} 15. Nd5
{[%clk 0:51:36]} Be4 {[%clk 1:20:53]} 16. Nh4 {[%clk 0:43:51]} Bxg2
{[%clk 1:21:09]} 17. Nxg2 {[%clk 0:43:57]} Nxd5 {[%clk 1:21:13]} 18. cxd5
{[%clk 0:43:55]} Nd4 {[%clk 1:21:34]} 19. Bb2 {[%clk 0:38:33]} Nf3+
{[%clk 1:18:42]} 20. Kh1 {[%clk 0:38:48]} Qd7 {[%clk 1:19:06]} 21. Nf4
{[%clk 0:34:31]} exf4 {[%clk 1:18:37]} 22. Qxf3 {[%clk 0:34:59]} fxg3
{[%clk 1:18:31]} 23. Qxg3 {[%clk 0:34:46]} Qxd5+ {[%clk 1:17:56]} 24. Qg2
{[%clk 0:35:02]} Bg7 {[%clk 1:16:51]} 25. Bxg7 {[%clk 0:34:45]} Kxg7
{[%clk 1:14:55]} 26. f3 {[%clk 0:29:52]} Qd2 {[%clk 1:14:24]} 27. Rf2
{[%clk 0:29:37]} Qf4 {[%clk 1:14:02]} 28. Qg3 {[%clk 0:28:05]} Rd3
{[%clk 1:10:31]} 29. Raf1 {[%clk 0:26:50]} Qxg3 {[%clk 1:08:41]} 30. hxg3
{[%clk 0:27:19]} Rfd7 {[%clk 1:08:38]} 31. Kg2 {[%clk 0:26:51]} Rd2
{[%clk 1:08:50]} 32. Rc1 {[%clk 0:27:12]} c6 {[%clk 1:07:44]} 33. Rc2
{[%clk 0:27:37]} Rxc2 {[%clk 1:08:06]} 34. Rxc2 {[%clk 0:28:05]} Kf6
{[%clk 1:07:35]} 35. g4 {[%clk 0:25:39]} h5 {[%clk 1:04:21]} 36. Kg3
{[%clk 0:25:37]} Kg5 {[%clk 1:01:49]} 37. gxh5 {[%clk 0:23:23]} gxh5
{[%clk 1:01:07]} 38. Rc4 {[%clk 0:23:12]} Rd5 {[%clk 1:00:20]} 39. Re4
{[%clk 0:21:36]} a5 {[%clk 0:56:03]} 40. a4 {[%clk 0:12:40]} b5 {[%clk 0:53:19]}
41. Re6 {[%clk 0:10:51]} bxa4 {[%clk 0:51:57]} 42. bxa4 {[%clk 0:11:15]} Rc5
{[%clk 0:52:20]} 43. Re4 {[%clk 0:11:28]} Kf6 {[%clk 0:51:48]} 44. Kh4
{[%clk 0:09:13]} Re5 {[%clk 0:44:14]} 45. Rd4 {[%clk 0:06:01]} Rd5
{[%clk 0:44:29]} 46. Rc4 {[%clk 0:03:39]} c5 {[%clk 0:44:22]} 47. Kg3
{[%clk 0:03:40]} Ke6 {[%clk 0:44:03]} 48. Kf2 {[%clk 0:03:51]} Kd6
{[%clk 0:43:58]} 49. Ke3 {[%clk 0:04:06]} Re5+ {[%clk 0:44:18]} 50. Kd3
{[%clk 0:04:10]} Kd5 {[%clk 0:44:28]} 51. Rf4 {[%clk 0:03:32]} Rg5
{[%clk 0:44:41]} 52. Rf8 {[%clk 0:03:34]} h4 {[%clk 0:42:23]} 53. Rh8
{[%clk 0:03:37]} Rf5 {[%clk 0:42:42]} 54. Rxh4 {[%clk 0:04:00]} Rxf3+
{[%clk 0:43:08]} 55. Kc2 {[%clk 0:04:10]} Re3 {[%clk 0:42:10]} 56. Rh8
{[%clk 0:02:36]} Kd4 {[%clk 0:40:58]} 57. Ra8 {[%clk 0:02:28]} Re2+
{[%clk 0:40:54]} 58. Kd1 {[%clk 0:02:37]} Rh2 {[%clk 0:40:19]} 59. Rxa5
{[%clk 0:02:46]} c4 {[%clk 0:40:26]} 60. Rg5 {[%clk 0:02:08]} Kc3
{[%clk 0:40:39]} 61. a5 {[%clk 0:02:06]} Rh1+ {[%clk 0:41:00]} 62. Ke2
{[%clk 0:02:35]} Ra1 {[%clk 0:41:17]} 63. Rc5 {[%clk 0:00:34]} Kb4
{[%clk 0:36:25]} 64. Rh5 {[%clk 0:00:48]} Kb3 {[%clk 0:36:39]} 65. Rb5+
{[%clk 0:00:46]} Kc2 {[%clk 0:37:03]} 66. Ke3 {[%clk 0:01:09]} c3
{[%clk 0:37:16]} 67. Kd4 {[%clk 0:00:42]} Ra4+ {[%clk 0:37:40]} 68. Kc5
{[%clk 0:01:06]} Kd2 {[%clk 0:37:29]} 69. Kb6 {[%clk 0:01:19]} Rc4
{[%clk 0:34:05]} 70. a6 {[%clk 0:00:58]} c2 {[%clk 0:34:30]} 71. Rb2
{[%clk 0:00:43]} Ra4 {[%clk 0:34:26]} 72. a7 {[%clk 0:00:50]} Kc3
{[%clk 0:34:38]} 73. Rxc2+ {[%clk 0:01:08]} Kxc2 {[%clk 0:35:04]} 74. Kb7
{[%clk 0:01:35]} Kc3 {[%clk 0:35:28]} 75. a8=R {[%clk 0:01:51]} Rxa8
{[%clk 0:35:53]} 76. Kxa8 {[%clk 0:02:17]} 1/2-1/2

[Event "Uppsala Young Champions 2016"]
[Site "Uppsala Schackcentrum, Sweden"]
[Date "2016.10.29"]
[Round "3.2"]
[White "Stefansson, Vignir Vatnar"]
[Black "Johannesson, Oliver Aron"]
[Result "1/2-1/2"]
[BlackElo "2263"]
[WhiteElo "2163"]
[LiveChessVersion "1.4.8"]

1. d4 {[%clk 1:30:59]} d5 {[%clk 1:30:48]} 2. c4 {[%clk 1:31:19]} c6
{[%clk 1:30:53]} 3. Nf3 {[%clk 1:31:39]} Nf6 {[%clk 1:31:16]} 4. Nc3
{[%clk 1:31:30]} dxc4 {[%clk 1:31:17]} 5. a4 {[%clk 1:31:48]} Bf5
{[%clk 1:31:42]} 6. e3 {[%clk 1:32:04]} e6 {[%clk 1:31:47]} 7. Bxc4
{[%clk 1:32:03]} Bb4 {[%clk 1:32:09]} 8. O-O {[%clk 1:31:47]} Nbd7
{[%clk 1:27:43]} 9. Qb3 {[%clk 1:30:56]} a5 {[%clk 1:25:54]} 10. Na2
{[%clk 1:29:58]} Be7 {[%clk 1:25:22]} 11. Qxb7 {[%clk 1:28:50]} Rb8
{[%clk 1:25:46]} 12. Qa6 Ra8 {[%clk 1:26:00]} 13. Qxc6 {[%clk 1:28:20]} Rc8
{[%clk 1:26:19]} 14. Qa6 Ra8 {[%clk 1:26:43]} 15. Qb5 {[%clk 1:28:34]} Rb8 16.
Qa6 {[%clk 1:28:40]} Ra8 {[%clk 1:27:24]} 17. Qb5 {[%clk 1:28:59]} Rb8
{[%clk 1:27:48]} 18. Qa6 Ra8 {[%clk 1:28:13]} 19. Qb5 {[%clk 1:29:46]} 1/2-1/2

[Event "Uppsala Young Champions 2016"]
[Site "Uppsala Schackcentrum, Sweden"]
[Date "2016.10.29"]
[Round "3.3"]
[White "Seo, Jung Min"]
[Black "Emmoth, Alfons"]
[Result "1-0"]
[BlackElo "1899"]
[WhiteElo "2131"]
[LiveChessVersion "1.4.8"]

1. e4 {[%clk 1:30:59]} e6 {[%clk 1:30:57]} 2. d4 {[%clk 1:31:12]} d5
{[%clk 1:31:24]} 3. Nc3 {[%clk 1:31:38]} Bb4 {[%clk 1:31:40]} 4. e5
{[%clk 1:30:50]} c5 {[%clk 1:31:54]} 5. a3 {[%clk 1:31:18]} Bxc3+
{[%clk 1:32:16]} 6. bxc3 {[%clk 1:31:42]} Ne7 {[%clk 1:32:35]} 7. Nf3
{[%clk 1:29:47]} Qa5 {[%clk 1:32:42]} 8. Bd2 {[%clk 1:30:11]} Qa4
{[%clk 1:32:53]} 9. Qb1 {[%clk 1:29:57]} c4 {[%clk 1:33:11]} 10. h4
{[%clk 1:28:23]} Nbc6 {[%clk 1:32:08]} 11. h5 {[%clk 1:26:36]} h6
{[%clk 1:30:41]} 12. Nh4 {[%clk 1:25:02]} Bd7 13. Be2 {[%clk 1:22:05]} O-O-O
{[%clk 1:28:16]} 14. g4 {[%clk 1:20:57]} Rdf8 {[%clk 1:17:44]} 15. f4
{[%clk 1:18:24]} f6 {[%clk 1:12:21]} 16. Be3 {[%clk 1:09:02]} fxe5
{[%clk 0:57:44]} 17. fxe5 {[%clk 1:09:22]} Be8 {[%clk 0:57:09]} 18. Kd2
{[%clk 1:04:25]} Qa5 {[%clk 0:47:24]} 19. a4 {[%clk 0:59:16]} g5 {[%clk 0:30:12]}
20. hxg6 {[%clk 0:52:20]} Nxg6 {[%clk 0:30:21]} 21. Nxg6 {[%clk 0:49:55]} Bxg6
{[%clk 0:30:44]} 22. Qb5 {[%clk 0:47:28]} Qd8 {[%clk 0:28:19]} 23. Qc5
{[%clk 0:43:59]} Be4 {[%clk 0:25:00]} 24. Rxh6 {[%clk 0:40:18]} Rxh6
{[%clk 0:24:28]} 25. Bxh6 {[%clk 0:40:44]} Rh8 {[%clk 0:24:15]} 26. Be3
{[%clk 0:36:23]} Rh1 {[%clk 0:22:19]} 27. Rxh1 {[%clk 0:35:46]} Bxh1
{[%clk 0:22:44]} 28. Bh6 {[%clk 0:26:11]} Be4 {[%clk 0:19:38]} 29. g5
{[%clk 0:23:37]} Bg6 {[%clk 0:19:37]} 30. Bg4 {[%clk 0:23:00]} Qe8
{[%clk 0:15:59]} 31. Qf8 {[%clk 0:20:05]} Nd8 {[%clk 0:15:23]} 32. Qc5+
{[%clk 0:17:50]} Nc6 {[%clk 0:13:39]} 33. Bg7 {[%clk 0:16:44]} Bf7
{[%clk 0:06:05]} 34. Bf6 {[%clk 0:15:44]} Bg6 {[%clk 0:04:34]} 35. Qd6
{[%clk 0:15:36]} Bf7 {[%clk 0:04:03]} 36. g6 {[%clk 0:15:00]} Bg8
{[%clk 0:04:22]} 37. Bh5 {[%clk 0:14:22]} Nd8 {[%clk 0:02:08]} 38. Ke3
{[%clk 0:13:30]} b6 {[%clk 0:02:07]} 39. Qxd8+ {[%clk 0:12:38]} Qxd8
{[%clk 0:02:27]} 40. Bxd8 {[%clk 0:13:06]} Kxd8 {[%clk 0:02:39]} 41. Kf4
{[%clk 0:13:34]} a5 {[%clk 0:01:30]} 42. Kg5 {[%clk 0:13:06]} b5 {[%clk 0:00:59]}
43. Kf6 {[%clk 0:12:43]} b4 {[%clk 0:01:08]} 44. cxb4 {[%clk 0:12:33]} axb4
{[%clk 0:01:32]} 45. Kg7 {[%clk 0:12:35]} b3 {[%clk 0:01:50]} 46. cxb3
{[%clk 0:13:01]} cxb3 {[%clk 0:02:11]} 47. Bd1 {[%clk 0:13:26]} b2
{[%clk 0:02:32]} 48. Bc2 {[%clk 0:13:54]} 1-0

[Event "Uppsala Young Champions 2016"]
[Site "Uppsala Schackcentrum, Sweden"]
[Date "2016.10.29"]
[Round "3.4"]
[White "Cardenas, William"]
[Black "Keinänen, Toivo"]
[Result "1/2-1/2"]
[BlackElo "2345"]
[WhiteElo "1986"]
[LiveChessVersion "1.4.8"]

1. e4 {[%clk 1:30:47]} e6 {[%clk 1:30:56]} 2. d4 {[%clk 1:31:13]} d5
{[%clk 1:31:22]} 3. Nc3 {[%clk 1:31:38]} Nf6 {[%clk 1:31:50]} 4. Bg5
{[%clk 1:32:03]} Bb4 {[%clk 1:32:11]} 5. e5 {[%clk 1:32:20]} h6 {[%clk 1:32:37]}
6. Bd2 {[%clk 1:32:42]} Bxc3 {[%clk 1:33:03]} 7. bxc3 {[%clk 1:33:07]} Ne4
{[%clk 1:33:30]} 8. Qg4 {[%clk 1:33:30]} g6 {[%clk 1:33:57]} 9. Bd3
{[%clk 1:33:55]} Nxd2 {[%clk 1:34:22]} 10. Kxd2 {[%clk 1:34:21]} c5
{[%clk 1:33:21]} 11. Nf3 {[%clk 1:34:36]} Qa5 {[%clk 1:26:02]} 12. Qf4
{[%clk 1:32:57]} Nc6 {[%clk 1:23:43]} 13. Rhb1 {[%clk 1:32:00]} cxd4
{[%clk 1:22:38]} 14. Nxd4 {[%clk 1:32:25]} Nxd4 {[%clk 1:22:56]} 15. Qxd4
{[%clk 1:32:49]} Qd8 {[%clk 1:19:05]} 16. h4 {[%clk 1:30:10]} b6 {[%clk 1:13:52]}
17. a4 {[%clk 1:29:04]} Bd7 {[%clk 1:13:38]} 18. Rb4 {[%clk 1:27:41]} Rc8
{[%clk 1:02:39]} 19. Bb5 {[%clk 1:10:57]} Bxb5 {[%clk 0:57:48]} 20. axb5
{[%clk 1:11:19]} Rc7 {[%clk 0:57:44]} 21. Rba4 {[%clk 1:06:33]} Qd7
{[%clk 0:53:07]} 22. Qf4 {[%clk 1:05:34]} h5 {[%clk 0:46:14]} 23. Qf6
{[%clk 1:02:50]} O-O {[%clk 0:46:31]} 24. g4 {[%clk 1:02:54]} hxg4
{[%clk 0:43:39]} 25. Rxg4 {[%clk 0:50:15]} Qe7 {[%clk 0:42:34]} 26. Qf3
{[%clk 0:38:37]} d4 {[%clk 0:34:34]} 27. Rag1 {[%clk 0:35:56]} dxc3+
{[%clk 0:31:54]} 28. Ke2 {[%clk 0:35:51]} Qd8 {[%clk 0:29:01]} 29. h5
{[%clk 0:29:30]} Qd2+ {[%clk 0:28:11]} 30. Kf1 {[%clk 0:29:47]} Qc1+
{[%clk 0:25:39]} 31. Kg2 {[%clk 0:30:10]} Qxc2 {[%clk 0:25:45]} 32. Kh1
{[%clk 0:25:57]} Qd2 {[%clk 0:23:19]} 33. Qf6 {[%clk 0:22:49]} Qh6 34. Rxg6+
{[%clk 0:11:59]} fxg6 {[%clk 0:11:07]} 35. Rxg6+ {[%clk 0:12:26]} Qxg6
{[%clk 0:11:19]} 36. Qxg6+ {[%clk 0:12:53]} Kh8 {[%clk 0:11:39]} 37. Qh6+
{[%clk 0:13:12]} Kg8 {[%clk 0:12:06]} 38. Qg6+ {[%clk 0:13:38]} Kh8
{[%clk 0:10:59]} 39. Qh6+ {[%clk 0:13:58]} Kg8 {[%clk 0:11:28]} 1/2-1/2

[Event "Uppsala Young Champions 2016"]
[Site "Uppsala Schackcentrum, Sweden"]
[Date "2016.10.29"]
[Round "3.5"]
[White "Bit-Narva, David"]
[Black "Storme, Isak"]
[Result "0-1"]
[BlackElo "2153"]
[WhiteElo "2019"]
[LiveChessVersion "1.4.8"]

1. e4 {[%clk 1:30:56]} c5 {[%clk 1:30:55]} 2. Nf3 {[%clk 1:31:18]} d6
{[%clk 1:31:17]} 3. Bc4 {[%clk 1:31:35]} Nc6 {[%clk 1:31:23]} 4. c3
{[%clk 1:31:58]} Nf6 {[%clk 1:31:03]} 5. d3 {[%clk 1:32:22]} e6 {[%clk 1:26:31]}
6. Bb3 {[%clk 1:32:08]} Be7 {[%clk 1:26:54]} 7. O-O {[%clk 1:32:32]} O-O
{[%clk 1:26:56]} 8. Re1 {[%clk 1:32:55]} b5 {[%clk 1:19:15]} 9. Nbd2
{[%clk 1:32:55]} a5 {[%clk 1:19:16]} 10. Nf1 {[%clk 1:33:08]} Qc7
{[%clk 1:14:09]} 11. Ng3 {[%clk 1:33:10]} Bd7 {[%clk 1:12:56]} 12. d4
{[%clk 1:28:11]} cxd4 {[%clk 1:11:36]} 13. Nxd4 {[%clk 1:26:54]} Rfb8
{[%clk 1:03:26]} 14. Nxc6 {[%clk 1:08:39]} Bxc6 {[%clk 1:03:17]} 15. Bg5
{[%clk 1:05:36]} b4 {[%clk 1:00:57]} 16. c4 {[%clk 1:03:49]} h6 {[%clk 1:00:47]}
17. Bd2 {[%clk 0:50:38]} a4 {[%clk 0:48:56]} 18. Bc2 {[%clk 0:50:56]} Bf8
{[%clk 0:43:56]} 19. f4 {[%clk 0:37:08]} b3 {[%clk 0:42:33]} 20. axb3
{[%clk 0:35:55]} axb3 {[%clk 0:42:56]} 21. Bd3 {[%clk 0:35:04]} Rxa1
{[%clk 0:43:19]} 22. Qxa1 {[%clk 0:35:31]} Ng4 {[%clk 0:42:01]} 23. Nf1
{[%clk 0:30:31]} d5 {[%clk 0:38:18]} 24. e5 {[%clk 0:22:46]} Bc5+
{[%clk 0:36:44]} 25. Ne3 {[%clk 0:22:06]} Qb6 {[%clk 0:34:35]} 26. Qc1
{[%clk 0:22:24]} dxc4 {[%clk 0:34:47]} 27. Bxc4 {[%clk 0:20:30]} Rd8
{[%clk 0:34:45]} 28. Kf1 {[%clk 0:10:11]} Rxd2 {[%clk 0:29:58]} 29. Qxd2
{[%clk 0:09:02]} Nxe3+ {[%clk 0:26:12]} 0-1

[Event "Uppsala Young Champions 2016"]
[Site "Uppsala Schackcentrum, Sweden"]
[Date "2016.10.29"]
[Round "3.6"]
[White "Jäppinen, Erland"]
[Black "Crevatin, Leo"]
[Result "0-1"]
[BlackElo "2030"]
[WhiteElo "1768"]
[LiveChessVersion "1.4.8"]

1. d4 {[%clk 1:30:22]} d5 {[%clk 1:30:50]} 2. c4 {[%clk 1:30:47]} c6
{[%clk 1:31:17]} 3. Nf3 {[%clk 1:30:47]} e6 {[%clk 1:31:42]} 4. e3
{[%clk 1:30:44]} Nf6 {[%clk 1:32:08]} 5. Nc3 {[%clk 1:30:39]} Nbd7
{[%clk 1:32:36]} 6. Qc2 {[%clk 1:30:39]} Bd6 {[%clk 1:33:04]} 7. b3
{[%clk 1:30:39]} O-O {[%clk 1:31:27]} 8. Be2 {[%clk 1:31:00]} b6 {[%clk 1:27:23]}
9. O-O {[%clk 1:27:36]} Bb7 {[%clk 1:27:27]} 10. Bb2 {[%clk 1:23:59]} Qe7
{[%clk 1:26:14]} 11. e4 {[%clk 1:18:53]} e5 {[%clk 1:21:15]} 12. dxe5
{[%clk 1:14:07]} Nxe5 {[%clk 1:21:33]} 13. exd5 {[%clk 1:04:52]} cxd5
{[%clk 1:21:30]} 14. Nxd5 {[%clk 0:59:51]} Nxd5 {[%clk 1:21:45]} 15. cxd5
{[%clk 1:00:04]} Bxd5 {[%clk 1:22:06]} 16. Rfe1 {[%clk 0:54:01]} Bxf3
{[%clk 1:13:01]} 17. Bxf3 {[%clk 0:49:13]} Nxf3+ {[%clk 1:13:13]} 18. gxf3
{[%clk 0:49:37]} Qg5+ {[%clk 1:11:32]} 19. Kf1 {[%clk 0:45:54]} Bxh2
{[%clk 1:10:55]} 20. Re4 {[%clk 0:44:21]} f5 {[%clk 1:08:54]} 21. Re6
{[%clk 0:42:36]} Rac8 {[%clk 1:05:21]} 22. Qd3 {[%clk 0:36:55]} Rfd8
{[%clk 1:03:51]} 23. Bd4 {[%clk 0:36:20]} Qg1+ {[%clk 0:58:53]} 24. Ke2
{[%clk 0:36:19]} Qxa1 {[%clk 0:59:11]} 25. Bxa1 {[%clk 0:36:40]} Rxd3
{[%clk 0:59:39]} 26. Kxd3 {[%clk 0:36:56]} Kf7 {[%clk 0:59:27]} 27. Re1
{[%clk 0:36:42]} Bd6 {[%clk 0:59:05]} 28. Rg1 {[%clk 0:36:23]} g6
{[%clk 0:59:15]} 29. Rh1 {[%clk 0:34:39]} h5 {[%clk 0:59:37]} 30. Bc3
{[%clk 0:34:14]} Bc5 {[%clk 0:59:13]} 31. Rf1 {[%clk 0:31:02]} a5
{[%clk 0:57:54]} 32. Be5 {[%clk 0:30:25]} Rd8+ {[%clk 0:57:38]} 33. Kc2
{[%clk 0:27:00]} Re8 {[%clk 0:55:20]} 34. f4 {[%clk 0:27:19]} g5 {[%clk 0:55:00]}
35. Rh1 {[%clk 0:26:34]} Kg6 {[%clk 0:49:45]} 36. Rg1 {[%clk 0:26:07]} g4
{[%clk 0:49:50]} 37. Rd1 {[%clk 0:25:54]} Bxf2 {[%clk 0:48:14]} 38. Rd6+
{[%clk 0:25:49]} Kh7 {[%clk 0:47:21]} 39. Rf6 {[%clk 0:24:44]} g3
{[%clk 0:38:56]} 40. Rxf5 {[%clk 0:24:13]} Kg6 {[%clk 0:38:19]} 41. Rf6+
{[%clk 0:22:05]} Kh7 {[%clk 0:37:03]} 42. Rf5 {[%clk 0:22:03]} Rg8
{[%clk 0:33:26]} 43. Rf7+ {[%clk 0:19:10]} Kh6 {[%clk 0:33:50]} 44. Rf6+
{[%clk 0:19:32]} Rg6 {[%clk 0:34:05]} 45. Rf8 {[%clk 0:19:55]} Rg4
{[%clk 0:33:54]} 46. Rh8+ {[%clk 0:15:56]} Kg6 {[%clk 0:34:15]} 47. f5+
{[%clk 0:14:20]} Kxf5 {[%clk 0:34:40]} 48. Rxh5+ {[%clk 0:14:38]} Rg5
{[%clk 0:34:56]} 49. Rxg5+ {[%clk 0:14:30]} Kxg5 {[%clk 0:35:25]} 50. Bxg3
{[%clk 0:14:10]} Bxg3 {[%clk 0:35:53]} 51. Kd3 {[%clk 0:14:23]} Kf5
{[%clk 0:36:14]} 52. Kc4 {[%clk 0:14:38]} Bd6 {[%clk 0:35:56]} 53. Kb5
{[%clk 0:14:51]} Bc5 {[%clk 0:36:03]} 54. a3 {[%clk 0:15:08]} Bxa3
{[%clk 0:36:22]} 55. Kxb6 {[%clk 0:15:34]} Bb4 {[%clk 0:36:50]} 56. Kb5
{[%clk 0:15:55]} Ke5 {[%clk 0:36:00]} 57. Ka4 {[%clk 0:16:17]} Kd4
{[%clk 0:35:11]} 58. Kb5 {[%clk 0:16:39]} Kd3 {[%clk 0:35:21]} 59. Ka4
{[%clk 0:16:38]} Kc3 {[%clk 0:35:47]} 60. Kb5 {[%clk 0:17:04]} Kxb3
{[%clk 0:36:10]} 0-1